| 000 | 01503cam a22003375a 4500 | ||
|---|---|---|---|
| 001 | 10410438 | ||
| 005 | 20150810160819.0 | ||
| 008 | 120215t2013 maua frb 001 0 eng d | ||
| 020 | _z1449645755 | ||
| 020 | _z9781449645755 | ||
| 040 |
_aCaPaEBR _cCaPaEBR _beng _dEG-ScBUE |
||
| 082 | 0 | 4 |
_a618.2 _bTHA _222 |
| 100 | 1 |
_aTharpe, Nell, _d1956- _912062 |
|
| 245 | 1 | 0 |
_aClinical practice guidelines for midwifery & women's health / _cNell L. Tharpe, Cindy L. Farley, Robin G. Jordan. |
| 246 | 3 | _aClinical practice guidelines for midwifery and women's health | |
| 250 | _a4th ed. | ||
| 260 |
_aBurlington : _bJones & Bartlett Learning, _cc.2013. |
||
| 300 |
_axviii, 622 p. : _bill. ; _c28 cm. |
||
| 500 | _aIndex : p. 575-622. | ||
| 504 | _aIncludes bibliographical references. | ||
| 505 | 0 | _aEssential midwifery practice -- Care of the woman during pregnancy -- Care of the pregnant woman with prenatal variations -- Care of the woman during labor and birth -- Care of the infant and mother after birth -- Care of the well woman -- Care of the woman with reproductive health problems -- Primary care in women's health. | |
| 650 | 0 |
_aMidwifery _xStandards. _2BUEsh _912063 |
|
| 650 | 0 |
_aMaternity nursing _xStandards. _2BUEsh _912064 |
|
| 650 | 0 |
_aGynecologic nursing _xStandards. _2BUEsh _912065 |
|
| 651 | _2BUEsh | ||
| 653 |
_bNNUR _cJuly2015 _cAugust2015 |
||
| 655 | 7 |
_vreading book _934232 |
|
| 700 | 1 |
_aFarley, Cindy L. _912070 |
|
| 700 | 1 |
_aJordan, Robin G., _d1954- |
|
| 942 |
_2ddc _k618.2 THA |
||
| 999 |
_c20134 _d20106 |
||